| 000 | 00722nam a2200229Ia 4500 | ||
|---|---|---|---|
| 003 | GCL | ||
| 008 | 140319s9999 xx 000 0 ara d | ||
| 040 |
_aGCL / _cGCL |
||
| 082 | 0 | 4 |
_a247 _bا ش |
| 100 | 1 | _aسليمان دنيا | |
| 245 | 1 | 0 |
_aالشيعة وفنون الاسلام (هدية من الاديب عبدالفتاح الجمل) / _cسليمان دنيا |
| 700 | 1 | _aالسيد حسن الصدر | |
| 300 | _a187 ص | ||
| 490 |
_aمطبوعات النجاح _v0 |
||
| 650 | 0 | 4 | _aالاسلام |
| 650 | 0 | 4 | _aعقائد الشيعة |
| 650 | 0 | 4 | _aالشيعة |
| 650 | 0 | 4 | _aالحركات الفكرية |
| 650 | 0 | 4 | _aالحديث، علوم |
| 650 | 0 | 4 | _aالقران - علوم |
| 942 |
_2ddc _cBK |
||
| 999 |
_c47109 _d47109 |
||